[Event "CYCC U10"]
[Site "Richmond Hill CAN"]
[Date "2011.07.08"]
[Round "6"]
[White "Lu, Leo"]
[Black "Zhan, Andrew"]
[Result "0-1"]
[WhiteElo "1040"]
[BlackElo "1003"]
[PlyCount "150"]
[GameId "2160767909703883"]
[EventDate "2011.07.06"]
[EventType "swiss"]
[EventRounds "7"]
[EventCountry "CAN"]
[SourceTitle "EXT 2022"]
[Source "ChessBase"]
[SourceDate "2021.10.06"]
[SourceVersion "1"]
[SourceVersionDate "2021.10.06"]
[SourceQuality "1"]

1. e4 e6 2. Bd3 d6 3. Nf3 e5 4. O-O Be6 5. Ng5 Qxg5 6. Be2 d5 7. d3 Qd8 8. Bh5 Nc6 9. Qf3 Nb4 10. Na3 Nc6 11. Rd1 Bxa3 12. bxa3 Nd4 13. Qg3 g6 14. Bg4 Bxg4 15. Qxe5+ Qe7 16. Qxh8 Bxd1 17. Qxg8+ Qf8 18. Qxh7 Ne2+ 19. Kf1 Nxc1 20. Rxc1 Bg4 21. Qh4 Be6 22. exd5 Bxd5 23. Qa4+ c6 24. Re1+ Kd8 25. Qh4+ f6 26. c4 g5 27. Qg4 Bf7 28. Qd4+ Kc7 29. Qxf6 Bxc4 30. Re7+ Kb6 31. Qd4+ Kb5 32. Re5+ Ka6 33. Qxc4+ Kb6 34. Qb3+ Kc7 35. Qe6 Qxa3 36. Qf7+ Kb6 37. Re1 Qxd3+ 38. Re2 Qd1+ 39. Re1 Qd3+ 40. Kg1 Rd8 41. Qb3+ Qxb3 42. axb3 Rd5 43. Kf1 Rd3 44. Rb1 Kc7 45. Ke2 Rd6 46. b4 b6 47. b5 a5 48. bxc6 Rxc6 49. Kf3 Rc5 50. Re1 a4 51. Re7+ Kc6 52. Ra7 Ra5 53. Rg7 a3 54. Rg6+ Kb7 55. Rg7+ Kc6 56. Rg6+ Kd7 57. Rxb6 a2 58. Rb7+ Kd6 59. Rb2 a1=Q 60. Rd2+ Kc6 61. Rc2+ Kb6 62. Rd2 Qf6+ 63. Ke3 Re5+ 64. Kd3 Qd6+ 65. Kc4 Qxd2 66. Kb3 Qd3+ 67. Ka2 Qd5+ 68. Kb2 Re4 69. Kc3 Rd4 70. g3 Qc4+ 71. Kb2 Re4 72. Kb1 Qd4 73. Kc2 Re2+ 74. Kb3 Qd3+ 75. Kb4 Re4# 0-1

[Event "CYCC U10"]
[Site "Richmond Hill CAN"]
[Date "2011.07.08"]
[Round "6"]
[White "Shamroni, Dennis"]
[Black "Wong, Lawrence"]
[Result "0-1"]
[WhiteElo "1210"]
[BlackElo "1360"]
[PlyCount "72"]
[GameId "2160767909703884"]
[EventDate "2011.07.06"]
[EventType "swiss"]
[EventRounds "7"]
[EventCountry "CAN"]
[SourceTitle "EXT 2022"]
[Source "ChessBase"]
[SourceDate "2021.10.06"]
[SourceVersion "1"]
[SourceVersionDate "2021.10.06"]
[SourceQuality "1"]

1. e4 c5 2. Nf3 g6 3. Bc4 Bg7 4. Nc3 Nc6 5. O-O d6 6. h3 Nf6 7. d3 O-O 8. Be3 Bd7 9. e5 Ne8 10. exd6 exd6 11. Bf4 Ne5 12. Nxe5 dxe5 13. Bg3 Nd6 14. Bb3 Nb5 15. Nxb5 Bxb5 16. Rb1 e4 17. c4 Bc6 18. Bc2 exd3 19. Qxd3 Qxd3 20. Bxd3 Rad8 21. Bc2 Rd2 22. Bb3 Rxb2 23. Rxb2 Bxb2 24. Bd6 Rd8 25. Bxc5 b6 26. Be3 Kg7 27. Rd1 Rxd1+ 28. Bxd1 Kf6 29. f3 Ke5 30. Bb3 Bd4 31. Bxd4+ Kxd4 32. c5 bxc5 33. Bxf7 c4 34. Kf2 c3 35. Bb3 Bd5 36. Bxd5 c2 0-1

[Event "CYCC U10"]
[Site "Richmond Hill CAN"]
[Date "2011.07.08"]
[Round "7"]
[White "Chen, George"]
[Black "Shamroni, Dennis"]
[Result "1/2-1/2"]
[WhiteElo "1292"]
[BlackElo "1210"]
[PlyCount "100"]
[GameId "2160767909703885"]
[EventDate "2011.07.06"]
[EventType "swiss"]
[EventRounds "7"]
[EventCountry "CAN"]
[SourceTitle "EXT 2022"]
[Source "ChessBase"]
[SourceDate "2021.10.06"]
[SourceVersion "1"]
[SourceVersionDate "2021.10.06"]
[SourceQuality "1"]

1. e4 c5 2. Nf3 d6 3. d4 cxd4 4. Nxd4 Nf6 5. Nc3 a6 6. Bd3 e5 7. Nb3 Be7 8. Bd2 O-O 9. O-O Nc6 10. f4 Bg4 11. Qe1 exf4 12. Bxf4 Re8 13. h3 Bh5 14. Qd2 Rc8 15. Rae1 Qd7 16. Nd5 Nxd5 17. exd5 Na7 18. c4 b5 19. cxb5 Nxb5 20. Be3 Bh4 21. Bf5 Bxe1 22. Bxd7 Bxd2 23. Bxd2 Rcd8 24. Bxe8 Rxe8 25. Rc1 f6 26. Rc6 Re5 27. Rxa6 Rxd5 28. Ra5 Bd1 29. Bb4 Bxb3 30. axb3 Kf7 31. Kf2 Ke6 32. Kf3 Nd4+ 33. Kf4 Rxa5 34. Bxa5 Nxb3 35. Bc3 h5 36. Ke3 g5 37. Kf3 d5 38. Ke3 d4+ 39. Bxd4 Nxd4 40. Kxd4 f5 41. b4 g4 42. hxg4 fxg4 43. b5 Kd6 44. b6 h4 45. Ke3 h3 46. gxh3 gxh3 47. Kf2 h2 48. Kg2 h1=Q+ 49. Kxh1 Kc6 50. Kg2 Kxb6 1/2-1/2

[Event "CYCC U10"]
[Site "Richmond Hill CAN"]
[Date "2011.07.08"]
[Round "7"]
[White "Tang, David"]
[Black "Sheynzon, Ariel"]
[Result "1-0"]
[WhiteElo "1205"]
[BlackElo "1017"]
[PlyCount "177"]
[GameId "2160767909703886"]
[EventDate "2011.07.06"]
[EventType "swiss"]
[EventRounds "7"]
[EventCountry "CAN"]
[SourceTitle "EXT 2022"]
[Source "ChessBase"]
[SourceDate "2021.10.06"]
[SourceVersion "1"]
[SourceVersionDate "2021.10.06"]
[SourceQuality "1"]

1. e4 c5 2. Nf3 d6 3. d4 cxd4 4. Nxd4 Nf6 5. Nc3 e6 6. Bb5+ Bd7 7. Bxd7+ Nbxd7 8. Be3 Be7 9. Qd2 O-O 10. O-O-O Nc5 11. f3 e5 12. Nf5 Qd7 13. Nxe7+ Qxe7 14. Qxd6 Qxd6 15. Rxd6 b6 16. Bxc5 bxc5 17. Rc6 Rac8 18. Rxc8 Rxc8 19. Rd1 h6 20. Nd5 Kh7 21. Nxf6+ gxf6 22. Rd7 Kg6 23. Rxa7 c4 24. Ra3 f5 25. Re3 f4 26. Rc3 Ra8 27. a3 Ra4 28. Kb1 Kg5 29. Ka2 f6 30. b4 cxb3+ 31. cxb3 Rd4 32. Rc2 Kg6 33. Kb2 Rd8 34. g4 fxg3 35. hxg3 Rd3 36. Rc3 Rd2+ 37. Kc1 Rg2 38. g4 h5 39. gxh5+ Kxh5 40. a4 Rg1+ 41. Kd2 Rg2+ 42. Ke1 Rg1+ 43. Kf2 Ra1 44. Kg3 Rg1+ 45. Kf2 Ra1 46. Ke2 Ra2+ 47. Kd1 Ra1+ 48. Kd2 Ra2+ 49. Rc2 Ra3 50. Rc3 Ra1 51. Rc2 Ra3 52. Kc3 Ra1 53. Kb4 Rf1 54. Rc3 Kg5 55. a5 Rd1 56. Kb5 Rd8 57. a6 Ra8 58. Kb6 Rh8 59. Kb7 Rh7+ 60. Rc7 Rh8 61. a7 Kf4 62. a8=Q Rxa8 63. Kxa8 Kxf3 64. Rf7 Kxe4 65. Rxf6 Kd4 66. b4 Kc4 67. Re6 Kxb4 68. Rxe5 Kc4 69. Kb7 Kd4 70. Re8 Kd5 71. Kc7 Kc5 72. Rd8 Kc4 73. Kc6 Kb4 74. Rd4+ Kc3 75. Kc5 Kc2 76. Kc4 Kb2 77. Rd3 Kc2 78. Kd4 Kc1 79. Kc3 Kb1 80. Rd2 Kc1 81. Rh2 Kd1 82. Kd3 Kc1 83. Rd2 Kb1 84. Kc3 Kc1 85. Kd3 Kb1 86. Rc2 Ka1 87. Kc3 Kb1 88. Kb3 Ka1 89. Rc1# 1-0

[Event "CYCC U10"]
[Site "Richmond Hill CAN"]
[Date "2011.07.08"]
[Round "7"]
[White "Zhan, Andrew"]
[Black "Byron, Reece"]
[Result "1-0"]
[WhiteElo "1003"]
[BlackElo "1242"]
[PlyCount "71"]
[GameId "2160767909703887"]
[EventDate "2011.07.06"]
[EventType "swiss"]
[EventRounds "7"]
[EventCountry "CAN"]
[SourceTitle "EXT 2022"]
[Source "ChessBase"]
[SourceDate "2021.10.06"]
[SourceVersion "1"]
[SourceVersionDate "2021.10.06"]
[SourceQuality "1"]

1. d3 e5 2. e4 Nf6 3. Be3 Be7 4. Nf3 Nc6 5. Nc3 O-O 6. Be2 d6 7. Ng5 Ng4 8. Bxg4 Bxg4 9. Qxg4 Bxg5 10. Bxg5 Qc8 11. Qxc8 Raxc8 12. Nd5 f6 13. Be3 Rfe8 14. O-O Na5 15. Bd2 Nc6 16. Nb4 Nd4 17. Rfe1 g5 18. c3 Ne6 19. Nd5 c6 20. Nxf6+ Kf7 21. Nxe8 Rxe8 22. f3 Rg8 23. b4 g4 24. fxg4 Rxg4 25. Rf1+ Kg8 26. h3 Rg7 27. Bh6 Rg6 28. Bd2 d5 29. exd5 cxd5 30. d4 exd4 31. cxd4 Nxd4 32. h4 b6 33. h5 Ne2+ 34. Kh2 Rg7 35. Bh6 Rg5 36. Rf8# 1-0

[Event "CYCC U10 w"]
[Site "Richmond Hill CAN"]
[Date "2011.07.06"]
[Round "2"]
[White "Birarov, Nicole"]
[Black "Zhou, Lily"]
[Result "1-0"]
[WhiteElo "1105"]
[BlackElo "722"]
[PlyCount "117"]
[GameId "2160767909703891"]
[EventDate "2011.07.06"]
[EventType "swiss"]
[EventRounds "7"]
[EventCountry "CAN"]
[SourceTitle "EXT 2022"]
[Source "ChessBase"]
[SourceDate "2021.10.06"]
[SourceVersion "1"]
[SourceVersionDate "2021.10.06"]
[SourceQuality "1"]

1. d4 d5 2. Nf3 Nf6 3. e3 Bg4 4. Bd3 Nbd7 5. Nbd2 e6 6. O-O Be7 7. Re1 O-O 8. e4 dxe4 9. Nxe4 c6 10. c3 Nxe4 11. Bxe4 Qc7 12. Bd2 Bd6 13. h3 Bxf3 14. Qxf3 Bh2+ 15. Kh1 Bd6 16. Bc2 Qb6 17. Qe4 f5 18. Qxe6+ Rf7 19. Qxd6 Qxb2 20. Rac1 Qxa2 21. Re2 Qb2 22. Bd3 Qb3 23. Rce1 Nf6 24. Bxf5 Qd5 25. Qxd5 cxd5 26. Be6 Raf8 27. Bxf7+ Rxf7 28. Re7 Ne4 29. Re8+ Rf8 30. Rxf8+ Kxf8 31. Be3 Nxc3 32. Rc1 Ne2 33. Rc8+ Kf7 34. Rc7+ Kg6 35. Rxb7 h5 36. Rxa7 h4 37. Rd7 Ng3+ 38. fxg3 hxg3 39. Rxd5 Kf6 40. Bf4 g5 41. Bxg5+ Ke6 42. Ra5 Kd6 43. Bf4+ Kc6 44. Bxg3 Kb6 45. Rh5 Kc6 46. d5+ Kd7 47. d6 Kd8 48. Rh7 Ke8 49. d7+ Kd8 50. Bh4+ Kc7 51. d8=Q+ Kc6 52. Qf6+ Kd5 53. Rh5+ Ke4 54. Re5+ Kd4 55. Qd6+ Kc4 56. Qc5+ Kd3 57. Re3+ Kd2 58. Be1+ Kd1 59. Qd4+ 1-0

[Event "CYCC U10 w"]
[Site "Richmond Hill CAN"]
[Date "2011.07.06"]
[Round "2"]
[White "Boucher, Katrine"]
[Black "Gelis, Anne"]
[Result "0-1"]
[WhiteElo "956"]
[BlackElo "652"]
[PlyCount "48"]
[GameId "2160767909703892"]
[EventDate "2011.07.06"]
[EventType "swiss"]
[EventRounds "7"]
[EventCountry "CAN"]
[SourceTitle "EXT 2022"]
[Source "ChessBase"]
[SourceDate "2021.10.06"]
[SourceVersion "1"]
[SourceVersionDate "2021.10.06"]
[SourceQuality "1"]

1. e4 e5 2. Nf3 Nc6 3. Nc3 Nf6 4. Bc4 Bc5 5. Ng5 O-O 6. O-O d6 7. d3 Bg4 8. Qe1 Nh5 9. Ne6 Bxe6 10. Bxe6 fxe6 11. Qe2 Qh4 12. Be3 Bb4 13. Nb5 Rf6 14. Nxc7 Rc8 15. Nb5 Bc5 16. Bxc5 dxc5 17. Nxa7 Nxa7 18. b4 Qg5 19. c3 Rg6 20. g3 Qh4 21. Rfe1 Nf4 22. Qe3 Rf8 23. Kf1 Qh3+ 24. Kg1 Qg2# 0-1

[Event "CYCC U10 w"]
[Site "Richmond Hill CAN"]
[Date "2011.07.06"]
[Round "2"]
[White "Kaneshalingam, Mathanhe"]
[Black "Kao, Victoria"]
[Result "1-0"]
[WhiteElo "911"]
[BlackElo "510"]
[PlyCount "83"]
[GameId "2160767909703893"]
[EventDate "2011.07.06"]
[EventType "swiss"]
[EventRounds "7"]
[EventCountry "CAN"]
[SourceTitle "EXT 2022"]
[Source "ChessBase"]
[SourceDate "2021.10.06"]
[SourceVersion "1"]
[SourceVersionDate "2021.10.06"]
[SourceQuality "1"]

1. d4 d5 2. c4 dxc4 3. e4 Nf6 4. Nc3 Nc6 5. Nf3 e5 6. dxe5 Nd7 7. Bxc4 Qe7 8. Nd5 Qd8 9. Bg5 Be7 10. Bxe7 Nxe7 11. O-O O-O 12. Rc1 Nc5 13. Nxe7+ Qxe7 14. Re1 Bd7 15. Qc2 Ba4 16. b3 Bc6 17. Bd5 Rad8 18. Qxc5 Qd7 19. Red1 Rfe8 20. h3 Bb5 21. Bc4 Qe7 22. Qxe7 Rxe7 23. Rxd8+ Re8 24. Rxe8+ Bxe8 25. e6 fxe6 26. Bxe6+ Kf8 27. Rxc7 Bg6 28. Bf5 Bxf5 29. exf5 Ke8 30. Rxb7 Kf8 31. Rxa7 Ke8 32. Rc7 Kf8 33. a4 Ke8 34. a5 Kd8 35. Rc2 Ke7 36. a6 Kf6 37. a7 Kxf5 38. a8=Q Kf6 39. Rc5 Ke7 40. Rc6 Kd7 41. Qb7+ Kd8 42. Rc8# 1-0

[Event "CYCC U10 w"]
[Site "Richmond Hill CAN"]
[Date "2011.07.06"]
[Round "3"]
[White "Zhou, Lily"]
[Black "Boucher, Katrine"]
[Result "0-1"]
[WhiteElo "722"]
[BlackElo "956"]
[PlyCount "69"]
[GameId "2160767909703895"]
[EventDate "2011.07.06"]
[EventType "swiss"]
[EventRounds "7"]
[EventCountry "CAN"]
[SourceTitle "EXT 2022"]
[Source "ChessBase"]
[SourceDate "2021.10.06"]
[SourceVersion "1"]
[SourceVersionDate "2021.10.06"]
[SourceQuality "1"]

1. d4 d5 2. c4 Nf6 3. Nf3 dxc4 4. e3 Nc6 5. Bxc4 Na5 6. Bd3 e6 7. Bd2 b6 8. Nc3 c5 9. O-O Be7 10. Bb5+ Bd7 11. Ba6 Bc6 12. dxc5 bxc5 13. a3 Bd5 14. Bb5+ Nd7 15. Qa4 Nb3 16. Nxd5 Nxa1 17. Nxe7 Qxe7 18. Rxa1 O-O 19. Bxd7 Rad8 20. Ne5 Qf6 21. f4 g5 22. Qxa7 gxf4 23. exf4 Ra8 24. Qxc5 Rac8 25. Bxc8 Qd8 26. Bb4 Kg7 27. Bb7 Qd2 28. Bxd2 Rb8 29. Bb4 Rxb7 30. Qf8+ Kf6 31. Qd8+ Kf5 32. Qg5+ Ke4 33. Re1+ Kd5 34. f5 exf5 35. Qd2+ 0-1

[Event "CYCC U10 w"]
[Site "Richmond Hill CAN"]
[Date "2011.07.07"]
[Round "4"]
[White "Birarov, Nicole"]
[Black "Gao, Catherine"]
[Result "1-0"]
[WhiteElo "1105"]
[BlackElo "956"]
[PlyCount "23"]
[GameId "2160767909703896"]
[EventDate "2011.07.06"]
[EventType "swiss"]
[EventRounds "7"]
[EventCountry "CAN"]
[SourceTitle "EXT 2022"]
[Source "ChessBase"]
[SourceDate "2021.10.06"]
[SourceVersion "1"]
[SourceVersionDate "2021.10.06"]
[SourceQuality "1"]

1. d4 d5 2. Nf3 Nc6 3. e3 e6 4. Bd3 Nf6 5. Nbd2 Bd6 6. O-O b6 7. e4 dxe4 8. Nxe4 Bb7 9. c3 O-O 10. Bc2 e5 11. Qd3 Qc8 12. Nxf6+ 1-0

[Event "CYCC U10 w"]
[Site "Richmond Hill CAN"]
[Date "2011.07.07"]
[Round "4"]
[White "Mantle, Bronwyn"]
[Black "Zhou, Lily"]
[Result "0-1"]
[WhiteElo "892"]
[BlackElo "722"]
[PlyCount "56"]
[GameId "2160767909703898"]
[EventDate "2011.07.06"]
[EventType "swiss"]
[EventRounds "7"]
[EventCountry "CAN"]
[SourceTitle "EXT 2022"]
[Source "ChessBase"]
[SourceDate "2021.10.06"]
[SourceVersion "1"]
[SourceVersionDate "2021.10.06"]
[SourceQuality "1"]

1. e4 e6 2. d4 c5 3. d5 exd5 4. exd5 Nf6 5. Bg5 d6 6. Bxf6 Qxf6 7. Qe2+ Be7 8. Qb5+ Nd7 9. Nf3 O-O 10. Qc4 Qxb2 11. h4 Qxa1 12. Nfd2 Re8 13. Qd3 Bg5+ 14. Be2 Bxd2+ 15. Kxd2 Qe5 16. Nc3 Nf6 17. f4 Qxf4+ 18. Ke1 Bf5 19. Qb5 Bxc2 20. Rf1 Qc1+ 21. Kf2 Qd2 22. g4 Qxc3 23. g5 Ne4+ 24. Kg2 Qg3+ 25. Kh1 Nf2+ 26. Rxf2 Qxf2 27. Qd7 Be4+ 28. Bf3 Bxf3# 0-1

[Event "CYCC U10 w"]
[Site "Richmond Hill CAN"]
[Date "2011.07.08"]
[Round "5"]
[White "Zhu, Jiarong"]
[Black "Zhou, Lily"]
[Result "1-0"]
[WhiteElo "1260"]
[BlackElo "722"]
[PlyCount "93"]
[GameId "2160767909703901"]
[EventDate "2011.07.06"]
[EventType "swiss"]
[EventRounds "7"]
[EventCountry "CAN"]
[SourceTitle "EXT 2022"]
[Source "ChessBase"]
[SourceDate "2021.10.06"]
[SourceVersion "1"]
[SourceVersionDate "2021.10.06"]
[SourceQuality "1"]

1. e4 e6 2. d4 c5 3. c3 Nc6 4. Nf3 cxd4 5. cxd4 g6 6. Nc3 Bg7 7. Be3 Nge7 8. Bd3 O-O 9. O-O b6 10. Qc1 Bb7 11. Bh6 Qc7 12. Bxg7 Kxg7 13. d5 Ne5 14. Nxe5 Qxe5 15. f4 Qd4+ 16. Kh1 Qxd3 17. Rd1 Qc4 18. dxe6 Qxe6 19. Re1 Rfe8 20. Qd2 f5 21. exf5 Qxf5 22. a4 Nd5 23. Rxe8 Rxe8 24. Nb5 Qe4 25. Nd6 Qe6 26. Nxe8+ Qxe8 27. a5 d6 28. h3 Qc6 29. Rc1 Qd7 30. axb6 Nxf4 31. Rc7 Bxg2+ 32. Qxg2 Nxg2 33. Rxd7+ Kh6 34. Kxg2 axb6 35. Rxd6 b5 36. Rb6 b4 37. Rxb4 g5 38. Rd4 Kh5 39. b4 h6 40. b5 g4 41. b6 gxh3+ 42. Kxh3 Kg5 43. b7 h5 44. b8=Q Kh6 45. Qg8 h4 46. Rd6+ Kh5 47. Qg6# 1-0

[Event "CYCC U10 w"]
[Site "Richmond Hill CAN"]
[Date "2011.07.08"]
[Round "6"]
[White "Boucher, Katrine"]
[Black "Larochelle, Sara"]
[Result "1/2-1/2"]
[WhiteElo "956"]
[BlackElo "801"]
[PlyCount "91"]
[GameId "2160767909703902"]
[EventDate "2011.07.06"]
[EventType "swiss"]
[EventRounds "7"]
[EventCountry "CAN"]
[SourceTitle "EXT 2022"]
[Source "ChessBase"]
[SourceDate "2021.10.06"]
[SourceVersion "1"]
[SourceVersionDate "2021.10.06"]
[SourceQuality "1"]

1. e4 d6 2. Nf3 g6 3. Nc3 Nf6 4. d3 Bg7 5. d4 O-O 6. Bc4 e6 7. e5 Ng4 8. O-O Nc6 9. Bg5 Qe8 10. Nh4 Na5 11. Bb5 Bd7 12. Qxg4 Bxb5 13. Nxb5 Qxb5 14. b3 Qa6 15. b4 Nb3 16. cxb3 Bxe5 17. b5 Qxb5 18. Rad1 Qa6 19. dxe5 f5 20. exf6 Qxa2 21. Rb1 Rac8 22. Qxe6+ Rf7 23. Qe4 Kf8 24. Qxb7 Re8 25. Ra1 Qe2 26. g3 Re5 27. Bh6+ Kg8 28. Qb8+ Rf8 29. Bxf8 Kf7 30. Bh6 Qf3 31. Nxf3 Rh5 32. Qf8+ Ke6 33. Be3 Kd5 34. Rxa7 Kc6 35. g4 Rb5 36. Nd4+ Kb6 37. Nxb5+ Kxb5 38. Rxc7 Ka6 39. Bh6 Kb6 40. Qxd6+ Kb5 41. Qd7+ Ka6 42. Qd4 g5 43. Rc5 Kb6 44. Qd6+ Kb7 45. Rc7+ Kb8 46. Qd8# 1/2-1/2

[Event "CYCC U10 w"]
[Site "Richmond Hill CAN"]
[Date "2011.07.08"]
[Round "6"]
[White "Feldman, Michelle"]
[Black "Birarov, Nicole"]
[Result "0-1"]
[WhiteElo "978"]
[BlackElo "1105"]
[PlyCount "122"]
[GameId "2160767909703903"]
[EventDate "2011.07.06"]
[EventType "swiss"]
[EventRounds "7"]
[EventCountry "CAN"]
[SourceTitle "EXT 2022"]
[Source "ChessBase"]
[SourceDate "2021.10.06"]
[SourceVersion "1"]
[SourceVersionDate "2021.10.06"]
[SourceQuality "1"]

1. d4 f5 2. c4 Nf6 3. b3 d5 4. Bf4 e6 5. c5 c6 6. Nc3 b6 7. b4 Nbd7 8. Bd6 Bxd6 9. cxd6 O-O 10. Nf3 Ne4 11. Nxe4 fxe4 12. Ne5 Nxe5 13. dxe5 Rf5 14. Qd4 Qg5 15. f3 exf3 16. exf3 Rxe5+ 17. Kf2 c5 18. bxc5 bxc5 19. Qxc5 Qd2+ 20. Kg1 Qe3+ 21. Qxe3 Rxe3 22. Rb1 Kf8 23. Bb5 Rb8 24. Kf2 Ra3 25. Rhe1 a6 26. d7 Rxa2+ 27. Kg1 Bb7 28. Bc6 Ke7 29. Bxb7 Kxd7 30. Bc6+ Kc7 31. Rxb8 Kxb8 32. h3 d4 33. Rxe6 d3 34. Re8+ Kc7 35. Bd5 d2 36. Bb3 Ra1+ 37. Kh2 d1=Q 38. Bxd1 Rxd1 39. Re7+ Rd7 40. Re2 Kc6 41. Re6+ Rd6 42. Re3 a5 43. Rc3+ Kb5 44. Rb3+ Kc4 45. Rb7 Ra6 46. Rc7+ Kb5 47. Rb7+ Kc6 48. Rb2 a4 49. Kg1 a3 50. Ra2 Kb5 51. Kf1 Kc4 52. Ke1 Kb3 53. Rd2 a2 54. Rd3+ Kc2 55. Rd2+ Kb3 56. Rd1 Kc2 57. Rd2+ Kc3 58. Ke2 a1=Q 59. Rd3+ Kc4 60. Rd2 Re6+ 61. Kf2 Qe1# 0-1

[Event "CYCC U10 w"]
[Site "Richmond Hill CAN"]
[Date "2011.07.08"]
[Round "6"]
[White "Zhou, Lily"]
[Black "Gao, Catherine"]
[Result "1-0"]
[WhiteElo "722"]
[BlackElo "956"]
[PlyCount "81"]
[GameId "2160767909703904"]
[EventDate "2011.07.06"]
[EventType "swiss"]
[EventRounds "7"]
[EventCountry "CAN"]
[SourceTitle "EXT 2022"]
[Source "ChessBase"]
[SourceDate "2021.10.06"]
[SourceVersion "1"]
[SourceVersionDate "2021.10.06"]
[SourceQuality "1"]

1. d4 d5 2. c4 e6 3. Nc3 Bb4 4. Bd2 Nf6 5. Nf3 O-O 6. e3 c5 7. Bd3 Nc6 8. O-O Bd7 9. a3 Bxc3 10. Bxc3 b6 11. Qc2 Qc7 12. Ne5 Rad8 13. Qe2 h6 14. Bc2 g6 15. Nxc6 Bxc6 16. dxc5 bxc5 17. Bxf6 Rb8 18. cxd5 Bxd5 19. Qg4 Kh7 20. Qh5 Bb7 21. Bg5 Rh8 22. Bxh6 Qc6 23. f3 Ba8 24. Bf4+ Kg8 25. Qg5 Rc8 26. Bxg6 Kf8 27. Qf6 Qd7 28. Qxh8+ Ke7 29. Qh4+ Kf8 30. Qh6+ Ke7 31. Bg5+ f6 32. Qg7+ Kd8 33. Bxf6+ Kc7 34. Be5+ Kc6 35. Be4+ Kb6 36. Qxd7 Bxe4 37. Qxc8 Bb7 38. Qc7+ Ka6 39. Qd6+ Kb5 40. a4+ Ka5 41. Bc3# 1-0

[Event "CYCC U10 w"]
[Site "Richmond Hill CAN"]
[Date "2011.07.08"]
[Round "7"]
[White "Birarov, Nicole"]
[Black "Botez, Andrea"]
[Result "1-0"]
[WhiteElo "1105"]
[BlackElo "843"]
[PlyCount "75"]
[GameId "2160767909703905"]
[EventDate "2011.07.06"]
[EventType "swiss"]
[EventRounds "7"]
[EventCountry "CAN"]
[SourceTitle "EXT 2022"]
[Source "ChessBase"]
[SourceDate "2021.10.06"]
[SourceVersion "1"]
[SourceVersionDate "2021.10.06"]
[SourceQuality "1"]

1. d4 d6 2. Nc3 Nf6 3. Bg5 Nbd7 4. Qd2 h6 5. Bf4 c5 6. d5 Nh5 7. Be3 Ne5 8. O-O-O Nc4 9. Qd3 Nxe3 10. Qxe3 g6 11. h3 Bg7 12. g4 Nf6 13. f4 h5 14. gxh5 Nxh5 15. Bg2 Nxf4 16. Bf1 a6 17. Kb1 Nh5 18. Bg2 Rb8 19. Bf3 Ng3 20. Rh2 b5 21. h4 Nh5 22. Bxh5 Rxh5 23. Nf3 b4 24. Ne4 a5 25. Rg2 a4 26. Rg5 Rh7 27. h5 Bh6 28. Nf6+ Kf8 29. Nxh7+ Kg7 30. Qd3 Bxg5 31. Nhxg5 Bf5 32. e4 Bg4 33. hxg6 fxg6 34. Rg1 Bd7 35. Nh4 a3 36. Nxg6 Qa5 37. Ne6+ Kf7 38. Qf3+ 1-0

[Event "CYCC U10 w"]
[Site "Richmond Hill CAN"]
[Date "2011.07.08"]
[Round "7"]
[White "Gao, Catherine"]
[Black "Boucher, Katrine"]
[Result "1-0"]
[WhiteElo "956"]
[BlackElo "956"]
[PlyCount "59"]
[GameId "2160767909703906"]
[EventDate "2011.07.06"]
[EventType "swiss"]
[EventRounds "7"]
[EventCountry "CAN"]
[SourceTitle "EXT 2022"]
[Source "ChessBase"]
[SourceDate "2021.10.06"]
[SourceVersion "1"]
[SourceVersionDate "2021.10.06"]
[SourceQuality "1"]

1. e4 Nf6 2. Nc3 Nc6 3. Nf3 e5 4. d4 exd4 5. Nxd4 Bb4 6. Bd2 O-O 7. Nf3 d6 8. Bd3 Bg4 9. h3 Bh5 10. a3 Bc5 11. O-O Bd4 12. Be2 Bc5 13. Nh4 Bxe2 14. Qxe2 Na5 15. b4 Bb6 16. bxa5 Bxa5 17. Rab1 b6 18. Qf3 c6 19. Nf5 d5 20. Qg3 g6 21. Nh6+ Kh8 22. exd5 cxd5 23. Bg5 Kg7 24. Rfd1 Re8 25. Nxd5 Qc8 26. Nxf6 Re2 27. Qh4 Kf8 28. Qf4 Qxc2 29. Nfg4 Bc3 30. Qxf7# 1-0

[Event "CYCC U10 w"]
[Site "Richmond Hill CAN"]
[Date "2011.07.08"]
[Round "7"]
[White "Zhou, Lily"]
[Black "Kaneshalingam, Mathanhe"]
[Result "1-0"]
[WhiteElo "722"]
[BlackElo "911"]
[PlyCount "119"]
[GameId "2160767909703907"]
[EventDate "2011.07.06"]
[EventType "swiss"]
[EventRounds "7"]
[EventCountry "CAN"]
[SourceTitle "EXT 2022"]
[Source "ChessBase"]
[SourceDate "2021.10.06"]
[SourceVersion "1"]
[SourceVersionDate "2021.10.06"]
[SourceQuality "1"]

1. d4 d5 2. c4 c6 3. Nf3 Nf6 4. e3 Bf5 5. Nc3 e6 6. Be2 Bb4 7. Qb3 Bxc3+ 8. Qxc3 O-O 9. O-O Nbd7 10. b3 Qc7 11. Ba3 Rfe8 12. Bd3 Bxd3 13. Qxd3 e5 14. Nxe5 Nxe5 15. dxe5 Qxe5 16. h3 Qe4 17. Qxe4 Nxe4 18. f3 Nf6 19. Rfe1 h6 20. Rad1 Rad8 21. Bc5 a6 22. Kf2 Nd7 23. Bd4 dxc4 24. bxc4 Nf6 25. Bb6 Rxd1 26. Rxd1 Rc8 27. e4 Re8 28. a4 Kh7 29. g4 Re7 30. a5 Rd7 31. Rxd7 Nxd7 32. Bd4 f6 33. c5 Kg8 34. Kg3 Kf7 35. h4 Ne5 36. Bxe5 fxe5 37. f4 exf4+ 38. Kxf4 Ke6 39. h5 Kf6 40. Kf3 Ke5 41. Ke3 Ke6 42. Kf4 Kf6 43. Ke3 Ke5 44. Kf3 Ke6 45. Kg3 Ke5 46. Kf3 Ke6 47. Kg3 Ke5 48. Kf3 Ke6 49. Kf4 Kf6 50. e5+ Ke6 51. Ke4 Ke7 52. Kf5 Kf7 53. e6+ Ke7 54. Ke5 b5 55. cxb6 c5 56. b7 c4 57. b8=Q c3 58. Qc7+ Ke8 59. Qd7+ Kf8 60. Qf7# 1-0

[Event "CYCC U12"]
[Site "Richmond Hill CAN"]
[Date "2011.07.06"]
[Round "1"]
[White "Sirkovich, Daniel"]
[Black "Doknjas, John"]
[Result "0-1"]
[WhiteElo "1206"]
[BlackElo "1997"]
[PlyCount "116"]
[GameId "2160767909703908"]
[EventDate "2011.07.06"]
[EventType "swiss"]
[EventRounds "7"]
[EventCountry "CAN"]
[SourceTitle "EXT 2022"]
[Source "ChessBase"]
[SourceDate "2021.10.06"]
[SourceVersion "1"]
[SourceVersionDate "2021.10.06"]
[SourceQuality "1"]

1. e4 c5 2. Nf3 d6 3. d4 cxd4 4. Nxd4 Nf6 5. Nc3 a6 6. Be3 e5 7. Nb3 Be6 8. f3 Be7 9. Be2 O-O 10. Qd2 Nbd7 11. O-O b5 12. Nd1 d5 13. Na5 dxe4 14. Nc6 Qe8 15. Nxe7+ Qxe7 16. Nf2 exf3 17. Bxf3 Rad8 18. c3 Nb6 19. Qc2 Nfd5 20. Bxb6 Nxb6 21. Rfe1 Qc7 22. Qe4 Nc4 23. b3 f5 24. Qb7 Qxb7 25. Bxb7 Nd6 26. Bxa6 e4 27. Rad1 Rd7 28. c4 bxc4 29. bxc4 Ra8 30. Bb5 Nxb5 31. cxb5 Rxa2 32. Rxd7 Bxd7 33. Rb1 Bxb5 34. Rxb5 Ra1+ 35. Nd1 Rxd1+ 36. Kf2 g6 37. h3 Rd7 38. g4 f4 39. Re5 Rd2+ 40. Ke1 Rd4 41. g5 e3 42. Ke2 Rd2+ 43. Kf3 Rf2+ 44. Ke4 e2 45. Kd3 f3 46. Kd2 Rf1 47. h4 Rd1+ 48. Kc2 e1=Q 49. Rxe1 Rxe1 50. h5 f2 51. hxg6 hxg6 52. Kc3 Rd1 53. Kc2 f1=Q 54. Kc3 Qd3+ 55. Kb4 Qc2 56. Ka3 Qc3+ 57. Ka4 Qb2 58. Ka5 Ra1# 0-1